Lines in the sand (Record no. 35552)
[ view plain ]
| 000 -LEADER | |
|---|---|
| fixed length control field | 02554nam a2200385 a 4500 |
| 082 04 - DEWEY DECIMAL CLASSIFICATION NUMBER | |
| Classification number | 328.763/073455 |
| 100 1# - MAIN ENTRY--AUTHOR NAME | |
| Personal name | Bickerstaff, Steve. |
| 245 10 - TITLE STATEMENT | |
| Title | Lines in the sand |
| 250 ## - EDITION STATEMENT | |
| Edition statement | 1st ed. |
| 260 ## - PUBLICATION, DISTRIBUTION, ETC. (IMPRINT) | |
| Place of publication | Austin, Tex. : |
| Name of publisher | University of Texas Press, |
| Year of publication | 2007. |
| 300 ## - PHYSICAL DESCRIPTION | |
| Number of Pages | ix, 472 p. : |
| Other physical details | ill., maps. |
| 505 0# - FORMATTED CONTENTS NOTE | |
| Formatted contents note | The significance of the 2003 congressional redistricting in Texas -- Partisan politics and redistricting in Texas -- Racial and ethnic politics -- Electing the right Republicans: the Republican strategy for the 2002 election -- As partisan as the law allows: Republican strategy in 2003 -- Playing defense: Democratic strategy, 2001-2003 -- You gotta be kidding! The 2003 regular session -- No better option: the Democrats break the quorum in the House of Representatives -- Personal dilemmas: the first special session -- Is there a Democratic endgame? -- Republican triumph in the Senate -- Redistricting by cabal: the final redistricting plan -- The effects of the final plan -- The dilemma for racial- and ethnic-minority lawmakers and advocacy organizations -- The role of congressman Tom DeLay, Republican activists and donors, and the White House -- The legal implications of the 2003 redistricting -- Criminal investigations and indictments -- The fall of Congressman DeLay -- Conclusion. |
| 650 #0 - SUBJECT ADDED ENTRY--TOPICAL TERM | |
| Topical Term | Election districts |
| Topical Term | Politics, Practical |
| 856 40 - ELECTRONIC LOCATION AND ACCESS | |
| Uniform Resource Identifier | http://site.ebrary.com/lib/rucke/Doc?id=10245718 |
No items available.
